Państwa Europy bez dostępu do morza - nagła śmierć - Statystyki

Ogólne statystyki
  • Ten quiz został rozwiązany 283 razy
    157 od ostatniego zresetowania
  • Średni wynik to 10 z 14
Answers on the Grid
Answers color-coded by a green-red scale on the quiz's grid according to % correct below.
Chorwacja
Czechy
Słowacja
Kosowo
Belgia
Serbia
Węgry
Albania
Monako
Szwajcaria
Finlandia
Białoruś
Bośnia i Hercegonia
Austria
San Marino
Holandia
Niemcy
Liechtenstein
Luksemburg
Andora
Rumunia
Litwa
Macedonia
Watykan
Polska
 
Statystyki odpowiedzi
Odpowiedź % Poprawnych
Czechy
96%
Słowacja
92%
Węgry
83%
Kosowo
82%
Szwajcaria
75%
Białoruś
74%
Austria
72%
Luksemburg
72%
Watykan
72%
Liechtenstein
71%
Serbia
71%
San Marino
67%
Andora
64%
Macedonia
53%
Nie znaleziono quizów pasujących do podanych kryteriów
Rozkład punktacji
Procent ludzi z każdym wynikiem
Percentyl według liczby udzielonych odpowiedzi
Twoja historia wyników
Nie rozwiązałeś tego quizu od ostatniego zresetowania